000 00893cam a22002897a 4500
001 17376
003 BD-RjUL
005 20211209000129.0
008 140216r19561949ii a 001 0 eng d
035 _a(BD-RjUL)17434
040 _aDLC
_cDLC
_dDLC
_dBD-RjUL
_beng
041 _aeng
082 0 0 _a187.4
_bHIE 1956
100 1 _aHiriyanna, Mysore,
_d1871-1950.
_953543
245 1 4 _aThe essentials of Indian philosophy /
_cby M. Hiriyanna.
246 3 0 _aIndian philosophy
260 _aLondon :
_bGeorge Allen & Unwin Ltd.,
_c1949. [Impression 1956]
300 _a216 p. ;
_c21 cm.
500 _aMaster microform held by: ICRL.
504 _aIncludes index.
650 0 _aHindu philosophy.
_95119
830 0 _vitem 07219.
_953558
830 0 _aSAMP early 20th-century Indian books project ;
_953559
942 _2ddc
_cBK
999 _c17376
_d17376